Statystyki dla Gminy w Powiatach na literę D

Kliknij tutaj aby rozwiązać quiz!

Ogólne statystyki

  • Ten quiz został rozwiązany 9 razy
  • Średni wynik to 10 z 29

Statystyki odpowiedzi

PowiatGminy% Poprawnych
dębickiDębica
88%
drawskiDrawsko Pomorskie
88%
działdowskiDziałdowo
88%
dzierżoniowskiDzierżoniów
88%
dąbrowskiDąbrowa Tarnowska
75%
Szczucin
63%
Bielawa
38%
Łagiewniki
38%
Niemcza
38%
Olesno
38%
Pieszyce
38%
Bolesław
25%
Brzostek
25%
Czaplinek
25%
Czarna
25%
Gręboszów
25%
Iłowo-Osada
25%
Pilzno
25%
Radgoszcz
25%
Złocieniec
25%
Jodłowa
13%
Lidzbark
13%
Mędrzechów
13%
Piława Górna
13%
Rybno
13%
Wierzchowo
13%
Żyraków
13%
Kalisz Pomorski
0%
Płośnica
0%

Rozkład punktacji

Percentyl według liczby udzielonych odpowiedzi

Procent ludzi z każdym wynikiem

Twoja historia wyników

Nie rozwiązałeś tego quizu